000 00699nam a22001817a 4500
005 20120218125830.0
020 _a8123904592
_c160.00
035 _aB-82676
037 _aDPL
_bENG
100 _aFaruqi, Khalid Kamal
_942601
245 _aLibrary and information science : A question bank approach /
_cby Khalid Kamal Faruqi
250 _arpr. 2000
260 _aNew Delhi
_bCBS Publishers and Distributors
_c2000
300 _axii, 377p.
_c18 cms.
942 _2ddc
_cEN
_h020
_mFAR
999 _c63213
_d63213